Chapter 34 Digital Learning for Development of Asian Schools (Record no. 33544)
[ view plain ]
| 000 -LEADER | |
|---|---|
| fixed length control field | 00807nam a2200121Ia 4500 |
| 008 - FIXED-LENGTH DATA ELEMENTS--GENERAL INFORMATION | |
| fixed length control field | 220620s9999||||xx |||||||||||||| ||und|| |
| 245 #0 - TITLE STATEMENT | |
| Title | Chapter 34 Digital Learning for Development of Asian Schools |
| 546 ## - LANGUAGE NOTE | |
| Language note | English[eng] |
| 650 ## - SUBJECT ADDED ENTRY--TOPICAL TERM | |
| Topical term or geographic name entry element | state||digital learning||asia||education||state||digital learning||asia||education||Creative Commons license||Developing country||Gamification||Intelligent tutoring system||Lifelong learning||Massive open online course||Race and ethnicity in the United States Census |
| 700 ## - ADDED ENTRY--PERSONAL NAME | |
| Personal name | J. Kennedy, Kerry||Chi-Kin Lee, John||Ping Lim, Cher |
| 856 ## - ELECTRONIC LOCATION AND ACCESS | |
| Uniform Resource Identifier | <a href="https://library.oapen.org/bitstream/20.500.12657/30005/1/650133.pdf||https://library.oapen.org/bitstream/20.500.12657/30005/1/650133.pdf||https://library.oapen.org/bitstream/20.500.12657/30005/1/650133.pdf">https://library.oapen.org/bitstream/20.500.12657/30005/1/650133.pdf||https://library.oapen.org/bitstream/20.500.12657/30005/1/650133.pdf||https://library.oapen.org/bitstream/20.500.12657/30005/1/650133.pdf</a> |
| 942 ## - ADDED ENTRY ELEMENTS (KOHA) | |
| Koha item type | E-Books |
| Withdrawn status | Lost status | Damaged status | Not for loan | Home library | Current library | Date acquired | Total Checkouts | Date last seen | Price effective from | Koha item type |
|---|---|---|---|---|---|---|---|---|---|---|
| Kerala University of Digital Sciences, Innovation and Technology Knowledge Centre | Kerala University of Digital Sciences, Innovation and Technology Knowledge Centre | 20/06/2022 | 20/06/2022 | 20/06/2022 | E-Books |